|
|
|
|
| LEADER |
00000nab a2200000 a 4500 |
| 001 |
vtls000001848 |
| 003 |
SK-MaSNL |
| 005 |
20260304215258.0 |
| 008 |
250422c1978 xo 0 slo |
| 015 |
|
|
|a SNBRB19rr/mm-uuuuu
|
| 035 |
|
|
|a CL0011940
|
| 035 |
|
|
|a urn:nbn:sk:snk-ab1tty
|
| 035 |
|
|
|a (urnnbn)urn:nbn:sk:snk:ar-a00y8q
|
| 035 |
|
|
|a (uuid)0f2212d3-00ee-43c3-a95b-e17def5047e2
|
| 040 |
|
|
|a SNKBUCL
|b slo
|c SNKBUCL
|e AACR2
|
| 041 |
0 |
|
|a slo
|
| 044 |
|
|
|a xo
|c SK
|
| 080 |
|
|
|a 78
|2 1981
|
| 080 |
|
|
|a 92 Grešák, Jozef
|2 1981
|
| 100 |
1 |
|
|a Ursínyová, Terézia,
|d 1942-
|4 aut
|9 103725
|
| 245 |
1 |
0 |
|a Jozef Grešák: Panychída
|c Terézia Ursínyová
|
| 600 |
1 |
7 |
|a Grešák, Jozef,
|d 1907-1987
|2 snkbucl
|9 40036
|
| 650 |
0 |
7 |
|a zborové skladby
|2 snkbucl
|9 85288
|
| 655 |
|
7 |
|a články z novín a časopisov
|2 snkbucl
|9 267496
|
| 773 |
0 |
|
|t Hudobný život
|g Roč. 10, č. 11 (5. 6. 1978), s. 5
|
| 850 |
|
|
|a Slovenská národná knižnica
|
| 852 |
|
|
|a Slovenská národná knižnica
|
| 954 |
|
|
|a odborná, vedecká literatúra pôvodná (slovenská)
|2 lita
|
| 958 |
|
|
|a article27
|
| 958 |
|
|
|a OND
|
| 958 |
|
|
|a RK
|
| 958 |
|
|
|a EUIPO
|
| 992 |
|
|
|a RBX
|
| 999 |
|
|
|c 3145643
|d 3147573
|